South Eastern Kenya University

Library Online Public Access Catalogue


Pollutants, human health, and the environment : (Record no. 11578)

MARC details
000 -LEADER
fixed length control field 01121cam a2200325 a 4500
001 - CONTROL NUMBER
control field 16903663
003 - CONTROL NUMBER IDENTIFIER
control field OSt
005 - DATE AND TIME OF LATEST TRANSACTION
control field 20160229100158.0
008 - FIXED-LENGTH DATA ELEMENTS--GENERAL INFORMATION
fixed length control field 110804s2012 enka b 001 0 eng
010 ## - LIBRARY OF CONGRESS CONTROL NUMBER
LC control number 2011025642
020 ## - INTERNATIONAL STANDARD BOOK NUMBER
International Standard Book Number 9780470742617 (cloth)
020 ## - INTERNATIONAL STANDARD BOOK NUMBER
International Standard Book Number 9780470742600 (pbk.)
020 ## - INTERNATIONAL STANDARD BOOK NUMBER
International Standard Book Number 9781119950110 (epdf)
020 ## - INTERNATIONAL STANDARD BOOK NUMBER
International Standard Book Number 9781119950127 (Wiley Online Library)
020 ## - INTERNATIONAL STANDARD BOOK NUMBER
International Standard Book Number 9781119951063 (epub)
040 ## - CATALOGING SOURCE
Original cataloging agency SEKU
050 00 - LIBRARY OF CONGRESS CALL NUMBER
Classification number TD 196.C45
Item number P65
100 ## - MAIN ENTRY--PERSONAL NAME
Personal name Plant Jane A.
245 00 - TITLE STATEMENT
Title Pollutants, human health, and the environment :
Remainder of title a risk based approach /
Statement of responsibility, etc. editors Jane A. Plant, Nikolaos Voulvoulis, K. Vala Ragnarsdottir.
260 ## - PUBLICATION, DISTRIBUTION, ETC. (IMPRINT)
Place of publication, distribution, etc. Chichester, West Sussex, U.K. ;
-- Hoboken, N.J. :
Name of publisher, distributor, etc. Wiley-Blackwell,
Date of publication, distribution, etc. 2012.
300 ## - PHYSICAL DESCRIPTION
Extent 335 p. :
Other physical details ill. ;
504 ## - BIBLIOGRAPHY, ETC. NOTE
Bibliography, etc Includes bibliographical references and index.
650 #0 - SUBJECT ADDED ENTRY--TOPICAL TERM
Topical term or geographic name as entry element Pollution
General subdivision Environmental aspects.
650 #0 - SUBJECT ADDED ENTRY--TOPICAL TERM
Topical term or geographic name as entry element Pollution
General subdivision Health aspects.
650 #0 - SUBJECT ADDED ENTRY--TOPICAL TERM
Topical term or geographic name as entry element Nature
General subdivision Effect of human beings on.
700 1# - ADDED ENTRY--PERSONAL NAME
Personal name Plant, Jane A.
700 1# - ADDED ENTRY--PERSONAL NAME
Personal name Ragnarsdottir, Kristin Vala,
Dates associated with a name 1954-
700 1# - ADDED ENTRY--PERSONAL NAME
Personal name Voulvoulis, Nikolaos.
942 ## - ADDED ENTRY ELEMENTS (KOHA)
Source of classification or shelving scheme Library of Congress Classification
Koha item type General circulation
Holdings
Withdrawn status Lost status Source of classification or shelving scheme Damaged status Not for loan Home library Current library Shelving location Date acquired Source of acquisition Total Checkouts Full call number Barcode Date last seen Price effective from Koha item type Public note
    Library of Congress Classification     Mtito Andei Centre Library Mtito Andei Centre Library General Stacks 29/02/2016 Donations - Books for Africa   TD 196.C45 P65 015372 29/02/2016 29/02/2016 General circulation 3kwa
Kitui, Kenya.
+254736116989
library@seku.ac.ke